Entry Personal Name
Number of records used in: 2
001 - CONTROL NUMBER
003 - CONTROL NUMBER IDENTIFIER
005 - DATE AND TIME OF LATEST TRANSACTION
- control field:
20230923150234.0
008 - FIXED-LENGTH DATA ELEMENTS
- fixed length control field:
090930n| azannaabn |n aaa c
010 ## - LIBRARY OF CONGRESS CONTROL NUMBER
- LC control number:
no2009156400
035 ## - SYSTEM CONTROL NUMBER
- System control number:
(OCoLC)oca08257715
040 ## - CATALOGING SOURCE
- Original cataloging agency:
ViFGM
- Language of cataloging:
eng
- Description conventions:
rda
- Transcribing agency:
ViFGM
- Modifying agency:
DLC
100 1# - HEADING--PERSONAL NAME
- Personal name:
Thareja, Reema
670 ## - SOURCE DATA FOUND
- Source citation:
Data warehousing, c2009:
- Information found:
t.p. (Reema Thareja, Inst. of Information Technology and Management, GGS IP University, New Delhi)
670 ## - SOURCE DATA FOUND
- Source citation:
Python programming : using problem solving approach, 2022:
- Information found:
title page (Reema Thareja, assistant professor, Department of Computer Science, Shyama Prasad Mukherji College for Women, University of Delh) page 493 (Dr. Reema Thareja is teaching in the Department of Computer Science, Shyama Prasad Mukherji College, University of Delhi)